000 00413nam a22001697a 4500
003 CEME
005 20210628204151.0
008 210113b xxu||||| |||| 00| 0 eng d
020 _a9780141038247
040 _cceme
082 _a954.9105 LIE
100 _aLieven, Anatol
_93726
245 _aPakistan a hard country
260 _aGREAT BRITAIN
_bPENGUIN BOOKS
_c2012
300 _aXV, 566P
942 _cBK
_2ddc
999 _c576477
_d576477